| 000 | 00805cab a2200253 4500 | ||
|---|---|---|---|
| 001 | ABS60246 | ||
| 008 | 090401t1999 xxu||||| |||| 00| 0 eng d | ||
| 035 | _a(Sirsi) u91381 | ||
| 041 | _aeng | ||
| 245 | _aOrganic special | ||
| 260 | _c1999 | ||
| 350 | _a0 | ||
| 490 |
_aFarmers' Weekly _v130(7) 12 February 1999, 64-69(6) |
||
| 520 | _aFeature on organic arable farming. Includes articles on making organic crop production more profitable and successful, the need for choosing the right soil and case studies on particular organic farmers. | ||
| 650 | _aCASE STUDIES | ||
| 650 | _aFORECASTS | ||
| 650 | _aORGANIC ARABLE FARMING | ||
| 650 | _aORGANIC FARMING | ||
| 650 | _aORGANIC PRODUCE | ||
| 690 | _aRURAL PRACTICE | ||
| 700 |
_aAbel, C. _xEditor |
||
| 942 | _n0 | ||
| 948 | _c17/02/1999 | ||
| 999 |
_c58003 _d58003 |
||